| 000 | 00659nam a2200205 i 4500 | ||
|---|---|---|---|
| 001 | 59379 | ||
| 003 | ES-MaACL | ||
| 005 | 20230906164024.0 | ||
| 007 | t| | ||
| 008 | 031028s1922 sp ||||1| spa d | ||
| 080 | _a821.134.2-31"18" | ||
| 100 | 1 |
_aElola, José de ( _d1859-1933) _947068 |
|
| 245 | 1 | 3 |
_aEl amor en el siglo cien / _cpor el Coronel Ignotus [seud.]. |
| 260 |
_aMadrid : _bLibrería Rivadeneyra, _c1922 ( _fRivadeneyra) |
||
| 300 |
_a120 p., [4] h. de lám. col. : _bil. ; _c25 cm. |
||
| 490 | 1 | _aBiblioteca novelesco-científica | |
| 830 | 0 |
_aBiblioteca novelesco-científica _9182678 |
|
| 852 |
_aES-MaACL _jA-1014 |
||
| 999 |
_c59379 _d59379 |
||